000 00811nam a22002297a 4500
999 _c20236
_d20236
003 AR-CdUCM
008 190528b ||||| |||| 00| 0 eng d
040 _aMUNICIPALIDAD PROVINCIAL DEL CUSCO
_cBIBLIOTECA MUNICIPAL DEL CUSCO
041 _heng
082 _a374.11 /
_bB75
100 _aBossard, James H. S. y Stoker Boll, Eleanor
_942302
245 _aSociología del desarrollo infantil /
260 _aMadrid :
_bTolle, lege,
_c1969.
300 _a652 páginas ;
_c25 cm.
500 _aVersión española de Mariano Santiago Luque.
505 _aContenido: La sociología del desarrollo infantil -- El niño y marco familiar -- Facetas de la vida familiar...
650 _aSociología
_9276
650 _aFamilia
_92366
650 _aAcción familiar
_942303
942 _2ddc
_cLIBROS
945 _aAndy